Statystyki dla Państwa z "polskimi" znakami

Kliknij tutaj aby rozwiązać quiz!

Ogólne statystyki

  • Ten quiz został rozwiązany 168 razy
  • Średni wynik to 17 z 25

Statystyki odpowiedzi

Odpowiedź% Poprawnych
Łotwa
90%
Słowacja
85%
Włochy
85%
Białoruś
82%
Słowenia
82%
Korea Północna
79%
Korea Południowa
76%
Południowa Afryka
75%
Bośnia i Hercegowina
74%
Mołdawia
73%
Węgry
73%
Tadżykistan
72%
Bułgaria
68%
Macedonia Północna
67%
Czarnogóra
66%
Republika Środkowoafrykańska
64%
Sudan Południowy
64%
Republika Zielonego Przylądka
63%
Dżibuti
62%
Wyspy Świętego Tomasza i Książęca
62%
Azerbejdżan
61%
Wybrzeże Kości Słoniowej
60%
Kambodża
57%
Fidżi
56%
Gwinea Równikowa
54%

Rozkład punktacji

Percentyl według liczby udzielonych odpowiedzi

Procent ludzi z każdym wynikiem

Twoja historia wyników

Nie rozwiązałeś tego quizu